000 00941nam a22002657a 4500
003 DO-SdBNP
005 20211230104913.0
007 ta
008 211230b it a|||| |||| 00| 0 it d
020 _q26/02/2009 / No. 0005018 - libro No. 12 ONDA
040 _aDO-SdBNP
_bspa
_cBNPHU
082 4 _222
_a451
_bS437p
110 1 0 _aLa Scuola
_980908
245 1 0 _aParlhablando :
_bla lengua italiana enseñada a estudiantes de habla hispana : intermedio /
_cLa Scuola
260 _aSanto Domingo :
_bCentro DI Lingua E Cultura Italiana,
_c2019.
300 _a131 p. :
_bil. ;
_c27 cm
500 _aRegistro Nacional de Derecho de Autor, 26/02/2009 / No. 0005018 - libro No. 12 ONDA.
500 _aB1 y B2 Intermedio.
505 _aGrammatica 5.
590 _aInventariado, 2021 /SA
650 4 _aEducación
_xItaliana
_980912
650 4 0 _980911
_aLenguas italiana
_xEnseñanza
910 _aSaquino
942 _2ddc
_cLBS1
999 _c51147
_d51147